00917nam a22002657a 4500003000900000005001700009008003400026020001800060040002200078100001700100245011000117250001200227260006000239300002700299490002300326500005500349700002700404700002300431830002300454942001200477945002700489952010300516956001700619999001500636DO-SdBNP20180221132508.0171031b 2002||| |||| 00| 0 spa d a9789681904029 aBPMSUbspacBPMSU1 aCameron, Ann13aEl lugar más bonito del mundo /cAnn Cameron ; ilustraciones Thomas B. Allen ; traducción P. Rozarena a2a. ed. aMéxico :bAlfaguara,c2002.g(4a.reimpresión, 2006) a69 p. :bil. ;c20 cm.1 aAlfaguara infantil aLa biblioteca posee la 4ta. reimpresión del 20061 aB. Allen, Thomas,eil.1 aRozarena, P.,etr. 0aAlfaguara infantil 2ddccBK aInventariado, 2018/MFF 00102ddc40708CGaBPMETbBPMETd2016-04-11eFUNDIl0pBPMSU16040332r2016-04-11w2016-04-11yBK aBTAVAREZb10 c9692d9692